अशोक वाजपेयी : (Record no. 113206)

MARC details
000 -LEADER
fixed length control field 01014nam a22002537a 4500
005 - DATE AND TIME OF LATEST TRANSACTION
control field 20170124102949.0
010 ## - LIBRARY OF CONGRESS CONTROL NUMBER
LC control number B-053010
020 ## - INTERNATIONAL STANDARD BOOK NUMBER
Terms of availability 500.00
International Standard Book Number 8170557682
035 ## - SYSTEM CONTROL NUMBER
System control number B-053010
037 ## - SOURCE OF ACQUISITION
Source of stock number/acquisition Cen Lib/Ret
040 ## - CATALOGING SOURCE
Original cataloging agency DPL
Language of cataloging HN
082 ## - DEWEY DECIMAL CLASSIFICATION NUMBER
Classification number 821.08
Item number अशोक
245 ## - TITLE STATEMENT
Title अशोक वाजपेयी :
Statement of responsibility, etc संपादक मदन सोनी
Remainder of title चुनी हुई रचनाएँ /
246 ## - VARYING FORM OF TITLE
Title proper/short title Ashok vajpeyi : chuni hui rachnayen
Remainder of title sampadak Madan Soni
260 ## - PUBLICATION, DISTRIBUTION, ETC. (IMPRINT)
Place of publication, distribution, etc नई दिल्ली
Name of publisher, distributor, etc वाणी प्रकाशन
Date of publication, distribution, etc 2001
270 ## - ADDRESS
Address 21-ए , दरिया गंज
City नई दिल्ली
Postal code 110002
300 ## - PHYSICAL DESCRIPTION
Extent 271पृष्ठ.
Dimensions 20सेमी (सजिल्द)
650 ## - SUBJECT ADDED ENTRY--TOPICAL TERM
Topical term or geographic name as entry element हिंदी साहित्य
9 (RLIN) 51114
650 ## - SUBJECT ADDED ENTRY--TOPICAL TERM
Topical term or geographic name as entry element हिंदी काव्य
9 (RLIN) 51115
650 ## - SUBJECT ADDED ENTRY--TOPICAL TERM
Topical term or geographic name as entry element Hindi literature
9 (RLIN) 51116
650 ## - SUBJECT ADDED ENTRY--TOPICAL TERM
Topical term or geographic name as entry element hindi poetry
9 (RLIN) 51117
700 ## - ADDED ENTRY--PERSONAL NAME
9 (RLIN) 50544
942 ## - ADDED ENTRY ELEMENTS (KOHA)
Source of classification or shelving scheme Dewey Decimal Classification
Koha item type Hindi Books
Classification part 821.08
Call number suffix अशोक
Holdings
Withdrawn status Lost status Damaged status Not for loan Home library Current library Date acquired Source of acquisition Cost, normal purchase price Total Checkouts Full call number Barcode Date last seen Copy number Cost, replacement price Price effective from Koha item type
        Central Library Central Library 11/08/2015 Cen Lib/Ret 500.00   821.08 अशोक B-053010 11/08/2015 1 500.00 11/08/2015 Hindi Books

© Delhi Public Library
Hit Counter
free hit counter